Liverpool Kader 23/24 - Statistiken

Allgemein
  • Dieses Quiz wurde 267 mal gespielt
  • Das Durchschnittsergebnis liegt bei 18 aus 28
Antwortstatistiken
Trikot Nr. Spieler % Korrekt
1 Alisson
98%
11 Salah
97%
66 Alexander-Arnold
95%
4 Van Dijk
94%
26 Robertson
89%
9 Nunez
88%
7 Diaz
82%
5 Konate
80%
10 Mac Allister
79%
20 Jota
77%
2 Gomez
73%
18 Gakpo
71%
62 Kelleher
71%
19 Elliot
68%
38 Gravenberch
67%
8 Szoboszlai
66%
3 Endo
64%
32 Matip
63%
17 Jones
60%
6 Thiago
58%
21 Tsimikas
56%
78 Quansah
54%
84 Bradley
53%
13 Adrian
41%
43 Bajcetic
23%
50 Doak
20%
42 Clark
18%
46 Williams
16%
Keine übereinstimmenden Quizze gefunden
Verteilung der Resultate
Anzahl Personen mit jedem Resultat
Perzentil nach korrekt beantworteten Fragen
Ihre Resultats-Entwicklung
Sie haben dieses Quiz noch nicht gespielt